| 000 | 00718nam a2200229 a 4500 | ||
|---|---|---|---|
| 005 | 20241022063655.0 | ||
| 008 | 050215s1984 000 eng d | ||
| 020 | _a950582100X | ||
| 035 | _aUPN01000138712 | ||
| 049 | _aCG | ||
| 050 | 4 |
_aHV40 _bM2.3 1984 |
|
| 100 | 1 | _aMacías Gómez, Edgard | |
| 245 | 1 | 0 |
_aHacia un trabajo social liberador : _buna introducción al trabajo social reconceptualizado / _cEdgar Macías Gómez, Ruth Lacayo de Macías |
| 250 | _a2a ed. | ||
| 260 |
_aBuenos Aires : _bHvmanitas, _c1984. |
||
| 300 | _a196 p. | ||
| 440 | 0 | _aDesarrollo social | |
| 650 | 4 |
_aTrabajo social _96125 |
|
| 650 | 4 |
_aServicio social _96246 |
|
| 700 | 1 |
_aLacayo de Macías, Ruth, _ecoaut. |
|
| 905 | _aLibro | ||
| 999 |
_c110860 _d110860 |
||